[Event "25th Abu Dhabi Master 2018"]
[Site "Abu Dhabi"]
[Date "2018.08.12"]
[Round "6"]
[White "Shailesh, Dravid"]
[Black "Debashis, Das"]
[Result "0-1"]
[WhiteElo "2290"]
[BlackElo "2539"]
[Annotator "TA"]
[PlyCount "122"]
[EventDate "2018.08.05"]
[EventType "swiss"]
[EventCountry "UAE"]
[SourceTitle "playchess.com"]
[Source "ChessBase"]
[SourceQuality "1"]

1. e4 d5 2. exd5 Qxd5 3. Nc3 Qd6 4. d4 Nf6 5. Bd3 Nc6 6. Nge2 Nb4 7. Bb5+ c6 8. Bf4 Qd8 9. Ba4 Bf5 10. Qd2 e6 11. O-O Be7 12. Rad1 O-O 13. Ng3 Bg6 14. Qe2 Nbd5 15. Bd2 Nb6 16. Bb3 Qxd4 17. Be3 Qb4 18. Bd2 Qh4 19. h3 Rad8 20. Be3 Nh5 21. Nxh5 Bxh5 22. f3 Bg6 23. Bf2 Qf4 24. a4 Qc7 25. Ne4 Nd5 26. Bg3 Qb6+ 27. Bf2 Qa5 28. g3 Nb6 29. Kg2 Qe5 30. c3 Rfe8 31. a5 Nc8 32. a6 b6 33. Bd4 Qc7 34. Ba4 Bf8 35. Qc4 Ne7 36. Rfe1 Qb8 37. Bb3 Rc8 38. Ng5 Nd5 39. Qe2 h6 40. Ne4 Red8 41. f4 c5 42. Be5 Qa8 43. Kh2 Qc6 44. Bc2 b5 45. g4 f6 46. f5 exf5 47. gxf5 Bf7 48. Bg3 Qxa6 49. Rg1 c4 50. Bh4 Kh7 51. Rg3 Nf4 52. Qe3 Rxd1 53. Bxd1 Nd5 54. Qd4 Qb6 55. Qd2 Rd8 56. Bg4 b4 57. Qe2 bxc3 58. bxc3 Rb8 59. Qxc4 Qb2+ 60. Kh1 Qc2 61. Rg1 Rb4 0-1

[Event "25th Abu Dhabi Master 2018"]
[Site "Abu Dhabi"]
[Date "2018.08.12"]
[Round "6"]
[White "Hejazipour, Mitra"]
[Black "Thompson, Ian D"]
[Result "1-0"]
[WhiteElo "2285"]
[BlackElo "2156"]
[Annotator "TA"]
[PlyCount "75"]
[EventDate "2018.08.05"]
[EventType "swiss"]
[EventCountry "UAE"]
[SourceTitle "playchess.com"]
[Source "ChessBase"]
[SourceQuality "1"]

1. d4 d5 2. c4 e6 3. Nf3 Nf6 4. g3 Bb4+ 5. Nbd2 O-O 6. Bg2 c6 7. O-O Nbd7 8. Qc2 Re8 9. Rd1 Bf8 10. e4 dxe4 11. Nxe4 Nxe4 12. Qxe4 Nf6 13. Qc2 Qe7 14. c5 Nd5 15. Ng5 f5 16. Nf3 Bd7 17. Bg5 Nf6 18. h4 h6 19. Bf4 Nd5 20. Bd2 Red8 21. Re1 b6 22. b4 a5 23. a3 axb4 24. axb4 bxc5 25. bxc5 Be8 26. Ne5 Rxa1 27. Rxa1 Qb7 28. Qa2 Be7 29. Rb1 Qa8 30. Bxd5 exd5 31. Qc2 Rb8 32. Rxb8 Qxb8 33. Qxf5 Qc7 34. Qe6+ Kh7 35. Bf4 Qb7 36. Kg2 g6 37. h5 g5 38. Nf7 1-0

[Event "25th Abu Dhabi Master 2018"]
[Site "Abu Dhabi"]
[Date "2018.08.12"]
[Round "6"]
[White "Raahul, VS."]
[Black "Priyanka, Kumari"]
[Result "1-0"]
[WhiteElo "2277"]
[BlackElo "2005"]
[Annotator "TA"]
[PlyCount "119"]
[EventDate "2018.08.05"]
[EventType "swiss"]
[EventCountry "UAE"]
[SourceTitle "playchess.com"]
[Source "ChessBase"]
[SourceQuality "1"]

1. c4 Nf6 2. Nc3 g6 3. d4 Bg7 4. e4 d6 5. Be2 O-O 6. Be3 e5 7. d5 Na6 8. g4 Nc5 9. f3 h5 10. g5 Nh7 11. h4 f6 12. gxf6 Bxf6 13. Bf2 Bd7 14. Qc2 c6 15. O-O-O cxd5 16. Nxd5 Rc8 17. Nh3 Qe8 18. Kb1 b5 19. Qd2 bxc4 20. Bxc4 Kh8 21. Nxf6 Rxf6 22. Ng5 Be6 23. Bxe6 Nxe6 24. Nxh7 Kxh7 25. Qxd6 Rxf3 26. Bxa7 Rc7 27. Bb6 Rc6 28. Qd7+ Qxd7 29. Rxd7+ Kg8 30. Ba5 Rf4 31. Bc3 Rxe4 32. Rhd1 Nc5 33. Re7 Ne6 34. Rd5 Kf8 35. Rb7 Rxh4 36. Bb4+ Rxb4 37. Rxb4 Kf7 38. Rxe5 g5 39. a4 Kf6 40. Re3 h4 41. a5 Kf5 42. Rb6 Nd4 43. Rd3 Rxb6 44. axb6 Nc6 45. Rd6 Nb8 46. Rd8 Na6 47. b7 h3 48. b4 g4 49. Rh8 g3 50. Rxh3 Kg4 51. Rh8 g2 52. Rg8+ Kf3 53. b5 Nb8 54. Kc2 Nd7 55. Kc3 Kf2 56. Kd4 g1=Q 57. Rxg1 Kxg1 58. Kd5 Kf2 59. Kd6 Nb8 60. Kc7 1-0

[Event "25th Abu Dhabi Master 2018"]
[Site "Abu Dhabi"]
[Date "2018.08.12"]
[Round "6"]
[White "Mansour, Sameer"]
[Black "Mammadzada, Gunay Vuqar Qizi"]
[Result "0-1"]
[WhiteElo "2275"]
[BlackElo "2426"]
[Annotator "TA"]
[PlyCount "58"]
[EventDate "2018.08.05"]
[EventType "swiss"]
[EventCountry "UAE"]
[SourceTitle "playchess.com"]
[Source "ChessBase"]
[SourceQuality "1"]

1. Nf3 d5 2. g3 c6 3. Bg2 Nf6 4. d3 Bg4 5. Nbd2 Nbd7 6. h3 Bh5 7. b3 e5 8. e4 dxe4 9. dxe4 Bb4 10. O-O Bc3 11. Ba3 b5 12. g4 Bg6 13. Bd6 c5 14. Qe2 Qb6 15. Qd3 Bxa1 16. Rxa1 Rd8 17. Bf1 a6 18. a4 Nb8 19. axb5 Rxd6 20. Qe3 axb5 21. Nxe5 Re6 22. f4 O-O 23. g5 Nfd7 24. Ndf3 Nxe5 25. Nxe5 f6 26. gxf6 gxf6 27. Nxg6 hxg6 28. f5 Re7 29. Kh1 g5 0-1

[Event "25th Abu Dhabi Master 2018"]
[Site "Abu Dhabi"]
[Date "2018.08.12"]
[Round "6"]
[White "Kushagra, Mohan"]
[Black "Soumya, Swaminathan"]
[Result "1/2-1/2"]
[WhiteElo "2270"]
[BlackElo "2361"]
[Annotator "TA"]
[PlyCount "99"]
[EventDate "2018.08.05"]
[EventType "swiss"]
[EventCountry "UAE"]
[SourceTitle "playchess.com"]
[Source "ChessBase"]
[SourceQuality "1"]

1. e4 e5 2. Nf3 Nc6 3. d4 exd4 4. Nxd4 Nf6 5. Nxc6 bxc6 6. e5 Qe7 7. Qe2 Nd5 8. c4 Nb6 9. Nc3 Qe6 10. Qe4 g6 11. f4 Bg7 12. c5 Nd5 13. Bc4 Bb7 14. O-O Qe7 15. Qd4 Nxc3 16. bxc3 O-O 17. Rb1 Bc8 18. Ba3 Kh8 19. Qe4 a5 20. Rbe1 Ba6 21. Bxa6 Rxa6 22. f5 gxf5 23. Rxf5 Qe6 24. Bc1 Raa8 25. Bg5 Rae8 26. Bf6 Qd5 27. Qxd5 cxd5 28. Rd1 c6 29. c4 Bxf6 30. exf6 dxc4 31. Rxd7 Re2 32. Rf2 Re5 33. Rc2 Rxc5 34. Rd4 Rf5 35. Rdxc4 Rxf6 36. Rxc6 Rxc6 37. Rxc6 Rb8 38. Rc2 Kg7 39. Kf2 Kf6 40. Ke3 Ke6 41. Rc6+ Kd7 42. Rf6 Ke7 43. Rf2 Rb4 44. Kd3 Ke6 45. Kc3 f5 46. Re2+ Kd6 47. Rd2+ Kc5 48. Rd7 h5 49. Rc7+ Kb6 50. Re7 1/2-1/2

[Event "25th Abu Dhabi Master 2018"]
[Site "Abu Dhabi"]
[Date "2018.08.12"]
[Round "6"]
[White "Mohota, Nisha"]
[Black "Krishna Teja, N."]
[Result "0-1"]
[WhiteElo "2268"]
[BlackElo "2389"]
[Annotator "TA"]
[PlyCount "76"]
[EventDate "2018.08.05"]
[EventType "swiss"]
[EventCountry "UAE"]
[SourceTitle "playchess.com"]
[Source "ChessBase"]
[SourceQuality "1"]

1. d4 Nf6 2. c4 e6 3. Nc3 Bb4 4. e3 O-O 5. Bd2 b6 6. Nf3 Bxc3 7. Bxc3 Ne4 8. Rc1 Bb7 9. d5 d6 10. Be2 e5 11. O-O Nxc3 12. Rxc3 a5 13. Nd2 f5 14. f4 Nd7 15. Qc2 Qf6 16. fxe5 Nxe5 17. Nb3 Bc8 18. Nd4 Bd7 19. g3 Qh6 20. Rf4 Rae8 21. e4 fxe4 22. Rxe4 Bf5 23. Nxf5 Rxf5 24. Bg4 Rf6 25. Be6+ Kh8 26. Rh4 Qg6 27. Qxg6 Nxg6 28. Re4 Ref8 29. Re2 Rf1+ 30. Kg2 Ne5 31. b3 h5 32. Rcc2 Nd3 33. Rc3 Ne1+ 34. Kh3 g5 35. Bd7 Nf3 36. Re8 g4+ 37. Kg2 Ne1+ 38. Rxe1 R8f2# 0-1

[Event "25th Abu Dhabi Master 2018"]
[Site "Abu Dhabi"]
[Date "2018.08.12"]
[Round "6"]
[White "Aaryan, Varshney"]
[Black "Sadhwani, Raunak"]
[Result "1-0"]
[WhiteElo "2261"]
[BlackElo "2424"]
[Annotator "TA"]
[PlyCount "105"]
[EventDate "2018.08.05"]
[EventType "swiss"]
[EventCountry "UAE"]
[SourceTitle "playchess.com"]
[Source "ChessBase"]
[SourceQuality "1"]

1. d4 g6 2. e4 Bg7 3. Nc3 c6 4. Nf3 d5 5. h3 dxe4 6. Nxe4 Nf6 7. Nxf6+ exf6 8. Bc4 O-O 9. O-O a5 10. a4 Na6 11. c3 Nc7 12. Bf4 Nd5 13. Bg3 Be6 14. Qb3 Qd7 15. Rfe1 g5 16. Re2 h5 17. Rae1 Bh6 18. Bh2 Rfe8 19. Nd2 f5 20. Be5 Rf8 21. Nf1 f6 22. Bd6 Rfe8 23. Ba3 g4 24. Ng3 gxh3 25. Nxh5 Qf7 26. Bxd5 cxd5 27. Bd6 Qxh5 28. Rxe6 Rxe6 29. Qxd5 hxg2 30. Qxg2+ Kh8 31. Rxe6 Rg8 32. Bg3 f4 33. Qh2 Qd1+ 34. Kg2 f3+ 35. Kh3 Qd3 36. Rxf6 Qh7 37. Rxf3 Bc1+ 38. Kg2 Bxb2 39. Qxh7+ Kxh7 40. Rf7+ Kg6 41. Rxb7 Bxc3 42. d5 Rd8 43. d6 Kf5 44. Kf3 Bb4 45. Rb5+ Ke6 46. Ke4 Rg8 47. Re5+ Kd7 48. Re7+ Kd8 49. Ra7 Rg4+ 50. Kd5 Bc3 51. Ke6 Re4+ 52. Kf5 Rd4 53. Be5 1-0

[Event "25th Abu Dhabi Master 2018"]
[Site "Abu Dhabi"]
[Date "2018.08.12"]
[Round "6"]
[White "Alinasab, Mobina"]
[Black "Rapport, Jovana"]
[Result "0-1"]
[WhiteElo "2259"]
[BlackElo "2354"]
[Annotator "TA"]
[PlyCount "110"]
[EventDate "2018.08.05"]
[EventType "swiss"]
[EventCountry "UAE"]
[SourceTitle "playchess.com"]
[Source "ChessBase"]
[SourceQuality "1"]

1. e4 c6 2. d4 d5 3. e5 Bf5 4. Nc3 a6 5. g4 Bd7 6. Be3 c5 7. dxc5 e6 8. Nf3 Qc7 9. Qd2 Bxc5 10. Bxc5 Qxc5 11. O-O-O Ne7 12. Nd4 Nbc6 13. Nb3 Qb4 14. f4 g5 15. fxg5 Nxe5 16. Be2 N7c6 17. a3 Qe7 18. Na4 b5 19. Nb6 Rd8 20. Nxd7 Rxd7 21. h4 Nc4 22. Bxc4 bxc4 23. Nd4 Nxd4 24. Qxd4 e5 25. Qc3 O-O 26. Rde1 d4 27. Qxc4 d3 28. Rh2 Rfd8 29. Rd2 dxc2 30. Rxc2 e4 31. Rc3 Rd4 32. Qc6 Qe5 33. Kb1 Rd1+ 34. Rxd1 Rxd1+ 35. Kc2 Rd8 36. Qb6 Qh2+ 37. Kb1 Rb8 38. Rh3 Qf4 39. Qf6 Qxg4 40. Rc3 Qd1+ 41. Ka2 Qd2 42. Rc7 Qd5+ 43. Ka1 Qd1+ 44. Ka2 Qb3+ 45. Ka1 e3 46. Qc3 Qxc3 47. Rxc3 Re8 48. Rc1 Kg7 49. Re1 Kg6 50. Kb1 Kf5 51. Kc2 Ke4 52. Kd1 Rd8+ 53. Ke2 Rd2+ 54. Kf1 Kf3 55. Rc1 Rxb2 0-1

[Event "25th Abu Dhabi Master 2018"]
[Site "Abu Dhabi"]
[Date "2018.08.12"]
[Round "6"]
[White "Navalgund, Niranjan"]
[Black "Jeet, Jain"]
[Result "0-1"]
[WhiteElo "2255"]
[BlackElo "2136"]
[Annotator "TA"]
[PlyCount "106"]
[EventDate "2018.08.05"]
[EventType "swiss"]
[EventCountry "UAE"]
[SourceTitle "playchess.com"]
[Source "ChessBase"]
[SourceQuality "1"]

1. e4 e5 2. Nf3 Nc6 3. Bb5 a6 4. Ba4 Nf6 5. O-O Be7 6. Re1 b5 7. Bb3 d6 8. c3 O-O 9. d4 Bg4 10. Be3 Bh5 11. Nbd2 Na5 12. dxe5 dxe5 13. h3 Nxb3 14. Qxb3 Bd6 15. Nh4 Bg6 16. Nxg6 hxg6 17. c4 bxc4 18. Qxc4 Qe7 19. Rac1 Rfb8 20. Rc2 a5 21. a3 a4 22. Bg5 Ra5 23. Nb1 Qe6 24. Qxe6 fxe6 25. Nd2 Rab5 26. Nc4 Bc5 27. Kf1 Bd4 28. Ree2 Nd7 29. f3 Nc5 30. Be3 Nb3 31. Bf2 Rc5 32. g3 Bxf2 33. Rxf2 Nd4 34. Rc3 Rb3 35. f4 Rxc3 36. bxc3 Rxc4 37. cxd4 exd4 38. Rb2 Rc3 39. Rb8+ Kh7 40. Rc8 c5 41. Ke2 Rxg3 42. Rxc5 Re3+ 43. Kf2 Rxe4 44. Kf3 Re3+ 45. Kg4 Rxa3 46. Rc6 Ra1 47. Kh4 a3 48. Rc2 Rg1 49. Ra2 d3 50. Rd2 e5 51. Ra2 exf4 52. Rg2 g5+ 53. Rxg5 Rxg5 0-1

[Event "25th Abu Dhabi Master 2018"]
[Site "Abu Dhabi"]
[Date "2018.08.12"]
[Round "6"]
[White "Rayes, Abdul Kader"]
[Black "Wagh, Suyog"]
[Result "0-1"]
[WhiteElo "2242"]
[BlackElo "2356"]
[Annotator "TA"]
[PlyCount "148"]
[EventDate "2018.08.05"]
[EventType "swiss"]
[EventCountry "UAE"]
[SourceTitle "playchess.com"]
[Source "ChessBase"]
[SourceQuality "1"]

1. Nf3 d5 2. g3 c6 3. Bg2 Bg4 4. h3 Bh5 5. c4 e6 6. Qb3 Qb6 7. Nc3 Nd7 8. g4 Bg6 9. Qxb6 axb6 10. cxd5 exd5 11. d4 Bb4 12. Bd2 Bxc3 13. Bxc3 Be4 14. e3 Ne7 15. Ke2 O-O 16. a3 f5 17. Ne1 f4 18. f3 Bg6 19. h4 h5 20. Bh3 hxg4 21. Bxg4 Bf5 22. Rg1 fxe3 23. Kxe3 Rae8 24. Kd2 Bxg4 25. Rxg4 Kh7 26. Rd1 Ng8 27. Rg3 Rf4 28. Ng2 Rf7 29. Rg1 Nh6 30. Ne1 Ree7 31. Nd3 Rf5 32. Bb4 Ref7 33. f4 Nf6 34. Rg5 Ne4+ 35. Kc1 Rc7 36. R5g2 Rf6 37. Bc3 Nf5 38. Ne5 Nxh4 39. Rh2 Rh6 40. Ng4 Nf3 41. Rxh6+ gxh6 42. Rh1 Kg6 43. Rxh6+ Kf5 44. Ne5 Kxf4 45. Nxf3 Kxf3 46. Kc2 Rg7 47. Rh8 Ke3 48. Re8 Rh7 49. Re6 Rh2+ 50. Kb3 Rh7 51. Kc2 Rf7 52. Re8 Rf2+ 53. Kb3 Rf7 54. Kc2 Rf2+ 55. Kb3 Kd3 56. Rh8 Rf3 57. Rh7 c5 58. dxc5 bxc5 59. Rxb7 d4 60. Ba5 c4+ 61. Ka2 Rf2 62. Kb1 Nc5 63. Re7 Na4 64. Rb7 Nc5 65. Re7 Rf1+ 66. Re1 Rxe1+ 67. Bxe1 Ke2 68. Bb4 d3 69. Ka2 Ne4 70. a4 c3 71. a5 c2 72. a6 c1=Q 73. a7 Qc4+ 74. Kb1 d2 0-1

[Event "25th Abu Dhabi Master 2018"]
[Site "Abu Dhabi"]
[Date "2018.08.12"]
[Round "6"]
[White "Pranavananda, V."]
[Black "Zuo, Yifan"]
[Result "0-1"]
[WhiteElo "2232"]
[BlackElo "2334"]
[Annotator "TA"]
[PlyCount "72"]
[EventDate "2018.08.05"]
[EventType "swiss"]
[EventCountry "UAE"]
[SourceTitle "playchess.com"]
[Source "ChessBase"]
[SourceQuality "1"]

1. e4 c5 2. Nf3 Nc6 3. d4 cxd4 4. Nxd4 g6 5. c4 Nf6 6. Nc3 Nxd4 7. Qxd4 d6 8. Be2 Bg7 9. Be3 O-O 10. Qd2 a5 11. Rd1 Be6 12. O-O a4 13. f4 Qa5 14. Bd4 Rfc8 15. b3 axb3 16. axb3 Qb4 17. f5 Bd7 18. Bxf6 Bxf6 19. Nd5 Qxd2 20. Nxf6+ exf6 21. Rxd2 Bc6 22. fxg6 hxg6 23. Rxf6 Bxe4 24. Rfxd6 Kg7 25. Rd7 Bc6 26. Re7 Ra1+ 27. Kf2 Rb1 28. Rd3 Rb2 29. Kg3 Ra8 30. Bf3 Raa2 31. Kh4 Kh6 32. Rxf7 Bxf3 33. gxf3 g5+ 34. Kg4 Kg6 35. Rd6+ Kxf7 36. Kxg5 Rxb3 0-1

[Event "25th Abu Dhabi Master 2018"]
[Site "Abu Dhabi"]
[Date "2018.08.12"]
[Round "6"]
[White "Vantika, Agrawal"]
[Black "Bartakke, Amardeep S"]
[Result "0-1"]
[WhiteElo "2225"]
[BlackElo "2133"]
[Annotator "TA"]
[PlyCount "80"]
[EventDate "2018.08.05"]
[EventType "swiss"]
[EventCountry "UAE"]
[SourceTitle "playchess.com"]
[Source "ChessBase"]
[SourceQuality "1"]

1. Nf3 Nf6 2. g3 b6 3. Bg2 Bb7 4. O-O e6 5. c4 Be7 6. d4 O-O 7. Nc3 Na6 8. Bf4 d5 9. cxd5 Nxd5 10. Nxd5 exd5 11. Rc1 Re8 12. Qd2 c5 13. Rfd1 Bf6 14. Be5 Bxe5 15. Nxe5 Qe7 16. e3 Nc7 17. Qc2 f6 18. Nd3 c4 19. Nf4 b5 20. b3 Rab8 21. bxc4 dxc4 22. d5 Qd6 23. Be4 g6 24. Bxg6 hxg6 25. Qxg6+ Kf8 26. Nh5 Ke7 27. Qg7+ Kd8 28. Nxf6 Rf8 29. Ne4 Ne8 30. Nxd6 Nxg7 31. Nxb5 Ba6 32. Nxa7 Rb2 33. Nc6+ Kc7 34. f4 Rh8 35. Ne5 Rhxh2 36. d6+ Kd8 37. Nc6+ Kd7 38. Ne5+ Ke6 39. Nxc4 Rbg2+ 40. Kf1 Nf5 0-1

[Event "25th Abu Dhabi Master 2018"]
[Site "Abu Dhabi"]
[Date "2018.08.12"]
[Round "6"]
[White "Gajwa, Ankit"]
[Black "Koustav, Chatterjee"]
[Result "0-1"]
[WhiteElo "2223"]
[BlackElo "2325"]
[Annotator "TA"]
[PlyCount "128"]
[EventDate "2018.08.05"]
[EventType "swiss"]
[EventCountry "UAE"]
[SourceTitle "playchess.com"]
[Source "ChessBase"]
[SourceQuality "1"]

1. e4 Nf6 2. e5 Nd5 3. d4 d6 4. Nf3 g6 5. Be2 Bg7 6. exd6 cxd6 7. O-O O-O 8. h3 Nc6 9. c4 Nb6 10. Nc3 Bf5 11. Be3 d5 12. c5 Nc4 13. Bc1 b6 14. cxb6 axb6 15. g4 Bc8 16. b3 Nd6 17. Bf4 Bb7 18. Nb5 Ne4 19. a4 Qd7 20. Rc1 Rac8 21. Ne5 Nxe5 22. dxe5 f6 23. Rxc8 Qxc8 24. Qd4 Nc5 25. Bf3 Qd8 26. Bg2 Ne6 27. Qd2 fxe5 28. Bg3 Nf4 29. Bxf4 exf4 30. Bf3 e6 31. Rc1 h5 32. Qd3 Qg5 33. h4 Qf6 34. Rc7 hxg4 35. Bxg4 Ba8 36. Rd7 f3 37. Nd4 Qxd4 38. Qxg6 Qf6 39. Bxe6+ Kh8 40. Qh5+ Qh6 41. Qxh6+ Bxh6 42. Bxd5 Bxd5 43. Rxd5 Rg8+ 44. Kh2 Rg2+ 45. Kh3 Rxf2 46. Rf5 Be3 47. Kg4 Rb2 48. Rxf3 Rxb3 49. Kf5 Ra3 50. Ke6 Bc5 51. Rf4 Rb3 52. Rf5 Re3+ 53. Kd5 Bb4 54. Kc6 Ba5 55. Rf4 Re5 56. Kd6 Rc5 57. Ke6 Kg7 58. Rg4+ Kh6 59. Kf6 Kh5 60. Re4 Rc3 61. Ke6 Rb3 62. Kd6 Rb4 63. Rxb4 Bxb4+ 64. Kc6 Ba5 0-1

[Event "25th Abu Dhabi Master 2018"]
[Site "Abu Dhabi"]
[Date "2018.08.12"]
[Round "6"]
[White "Sharma, Dushyant"]
[Black "Sundararajan, Kidambi"]
[Result "1/2-1/2"]
[WhiteElo "2221"]
[BlackElo "2433"]
[Annotator "NA RC"]
[PlyCount "73"]
[EventDate "2018.08.05"]
[EventType "swiss"]
[EventCountry "UAE"]
[SourceTitle "playchess.com"]
[Source "ChessBase"]
[SourceQuality "1"]

1. e4 c6 2. d4 d5 3. Nc3 dxe4 4. Nxe4 Nf6 5. Nxf6+ exf6 6. Nf3 Bd6 7. Be3 O-O 8. Bd3 Re8 9. Qd2 Be6 10. h3 Nd7 11. c4 Nf8 12. O-O-O a5 13. Kb1 Bb4 14. Qc2 b5 15. d5 cxd5 16. cxb5 Rc8 17. Qa4 Nd7 18. a3 Nc5 19. Bxc5 Bxc5 20. Nd4 Qb6 21. Nb3 Bxf2 22. Qxa5 Qe3 23. Qb4 Qg3 24. Rhf1 d4 25. Nxd4 Bxd4 26. Qxd4 Bb3 27. Rc1 Rcd8 28. Rf3 Qxg2 29. Bxh7+ Kxh7 30. Qh4+ Kg8 31. Rxb3 Rc8 32. Rxc8 Rxc8 33. Qe1 Qd5 34. Ka2 f5 35. b6 f4 36. b7 Rb8 37. Qe7 1/2-1/2

[Event "25th Abu Dhabi Master 2018"]
[Site "Abu Dhabi"]
[Date "2018.08.12"]
[Round "6"]
[White "Samant, Aditya S"]
[Black "Rathanvel, VS."]
[Result "0-1"]
[WhiteElo "2217"]
[BlackElo "2348"]
[Annotator "TA"]
[PlyCount "90"]
[EventDate "2018.08.05"]
[EventType "swiss"]
[EventCountry "UAE"]
[SourceTitle "playchess.com"]
[Source "ChessBase"]
[SourceQuality "1"]

1. e4 c5 2. Nf3 d6 3. d4 cxd4 4. Nxd4 Nf6 5. Nc3 a6 6. h3 e6 7. g4 Nfd7 8. Be3 b5 9. a3 Bb7 10. g5 Be7 11. h4 Nc6 12. Qd2 O-O 13. O-O-O Nc5 14. f3 Rb8 15. Kb1 Nxd4 16. Bxd4 Bc6 17. Qh2 Qc8 18. h5 a5 19. g6 h6 20. gxf7+ Rxf7 21. Bh3 Bd7 22. Bxc5 Qxc5 23. e5 b4 24. Ne4 Qb6 25. axb4 Rxf3 26. exd6 Qxb4 27. Qe5 Bf6 28. Nxf6+ gxf6 29. Qd4 Kf7 30. Qxb4 Rxb4 31. Bf1 f5 32. Rg1 Rh4 33. Bd3 Rfh3 34. Be2 Rh2 35. Bf3 Rf2 36. Rdf1 Rxf1+ 37. Rxf1 Rd4 38. Rg1 e5 39. Rg6 e4 40. Be2 Be6 41. Rxh6 f4 42. Rh7+ Kf6 43. Rh6+ Ke5 44. Rg6 f3 45. Bb5 Rd1# 0-1

[Event "25th Abu Dhabi Master 2018"]
[Site "Abu Dhabi"]
[Date "2018.08.12"]
[Round "6"]
[White "Rakshitta, Ravi"]
[Black "Srihari, LR."]
[Result "0-1"]
[WhiteElo "2198"]
[BlackElo "2135"]
[Annotator "TA"]
[PlyCount "46"]
[EventDate "2018.08.05"]
[EventType "swiss"]
[EventCountry "UAE"]
[SourceTitle "playchess.com"]
[Source "ChessBase"]
[SourceQuality "1"]

1. e4 d6 2. d4 Nf6 3. Nc3 c6 4. h3 Nbd7 5. Be3 b5 6. Bd3 Bb7 7. Qe2 e5 8. O-O-O Qa5 9. f4 b4 10. Nb1 Be7 11. dxe5 dxe5 12. Bc4 O-O 13. Nf3 Rad8 14. Rhe1 Nxe4 15. Bg1 c5 16. Nxe5 Nxe5 17. fxe5 Bh4 18. Rxd8 Qxd8 19. Rd1 Ng3 20. Bxf7+ Kh8 21. Qc4 Bg5+ 22. Nd2 Ne4 23. Qd3 Nxd2 0-1

[Event "25th Abu Dhabi Master 2018"]
[Site "Abu Dhabi"]
[Date "2018.08.12"]
[Round "6"]
[White "Sahil, Tickoo"]
[Black "Villanueva, Nelson"]
[Result "1-0"]
[WhiteElo "2192"]
[BlackElo "2133"]
[Annotator "TA"]
[PlyCount "133"]
[EventDate "2018.08.05"]
[EventType "swiss"]
[EventCountry "UAE"]
[SourceTitle "playchess.com"]
[Source "ChessBase"]
[SourceQuality "1"]

1. d4 Nf6 2. c4 g6 3. Nc3 Bg7 4. e4 d6 5. Nf3 O-O 6. Be2 c5 7. O-O cxd4 8. Nxd4 Nc6 9. Be3 Bd7 10. Qd2 Ng4 11. Bxg4 Bxg4 12. Nxc6 bxc6 13. Bh6 Be6 14. Bxg7 Kxg7 15. Rfd1 Qb6 16. b3 a5 17. Rac1 Kg8 18. c5 Qxc5 19. Nd5 Qa7 20. Rxc6 Rfc8 21. Rdc1 Rxc6 22. Rxc6 Bxd5 23. exd5 Rb8 24. Qc3 a4 25. b4 Qb7 26. a3 Re8 27. g3 Qd7 28. Kg2 h5 29. Qc4 Qf5 30. h4 e5 31. dxe6 Rxe6 32. Qf4 Qd5+ 33. Qf3 Qe5 34. Rc8+ Kg7 35. Qc3 Qxc3 36. Rxc3 Re2 37. Kf3 Ra2 38. Rd3 Kf8 39. Ke3 Ke7 40. f3 f6 41. Kd4 g5 42. Re3+ Kd7 43. Kc4 Rg2 44. f4 gxf4 45. gxf4 Rg4 46. Rf3 Rxh4 47. Kb5 Rg4 48. Kxa4 h4 49. b5 Rg3 50. Rf2 h3 51. Kb4 Rg4 52. Ka5 Rh4 53. Rh2 Kc7 54. Ka6 Rxf4 55. b6+ Kb8 56. Rxh3 Ra4+ 57. Kb5 Re4 58. Rh8+ Kb7 59. Rh7+ Kb8 60. Rh8+ Kb7 61. Rh7+ Kb8 62. a4 f5 63. a5 Re5+ 64. Ka6 Re8 65. Rb7+ Ka8 66. Ra7+ Kb8 67. b7 1-0

[Event "25th Abu Dhabi Master 2018"]
[Site "Abu Dhabi"]
[Date "2018.08.12"]
[Round "6"]
[White "Senthil, Maran K"]
[Black "Tokhirjonova, Gulrukhbegim"]
[Result "0-1"]
[WhiteElo "2167"]
[BlackElo "2350"]
[Annotator "TA"]
[PlyCount "116"]
[EventDate "2018.08.05"]
[EventType "swiss"]
[EventCountry "UAE"]
[SourceTitle "playchess.com"]
[Source "ChessBase"]
[SourceQuality "1"]

1. Nf3 Nf6 2. c4 e6 3. g3 b6 4. Bg2 Bb7 5. O-O Be7 6. d4 O-O 7. Nc3 d6 8. b3 Nbd7 9. Nh4 Bxg2 10. Nxg2 d5 11. cxd5 Nxd5 12. Nxd5 exd5 13. Bb2 Nf6 14. Rc1 Bd6 15. e3 a5 16. a4 Qd7 17. Qf3 b5 18. Nf4 bxa4 19. Nxd5 Nxd5 20. Qxd5 axb3 21. Qxb3 a4 22. Qd5 a3 23. Ba1 Qe6 24. Qxe6 fxe6 25. e4 Ra7 26. e5 Bb4 27. Rc6 Kf7 28. Rb1 Ba5 29. Rc2 Bb6 30. Ra2 Kg6 31. Rb3 Rfa8 32. Kg2 Ra4 33. Bc3 Kf5 34. Kf3 Bxd4 35. Bxd4 Rxd4 36. Raxa3 Rxa3 37. Rxa3 Kxe5 38. Ke3 Rd7 39. f4+ Kd5 40. Rd3+ Kc6 41. Rc3+ Kb5 42. Ke4 c5 43. Ke5 Rd2 44. Kxe6 Rxh2 45. f5 Kb4 46. Rf3 Rd2 47. g4 h6 48. Kf7 Rd7+ 49. Kg6 c4 50. f6 gxf6 51. Rxf6 Rd4 52. Kf5 c3 53. Rb6+ Kc5 54. Rxh6 c2 55. Rh8 Rd6 56. Rh1 Rd1 57. Rh8 c1=Q 58. Rc8+ Kd6 0-1

[Event "25th Abu Dhabi Master 2018"]
[Site "Abu Dhabi"]
[Date "2018.08.12"]
[Round "6"]
[White "Esenbek Uulu, Ilimbek"]
[Black "Daneshvar, Bardiya"]
[Result "1/2-1/2"]
[WhiteElo "2159"]
[BlackElo "2290"]
[Annotator "TA"]
[PlyCount "88"]
[EventDate "2018.08.05"]
[EventType "swiss"]
[EventCountry "UAE"]
[SourceTitle "playchess.com"]
[Source "ChessBase"]
[SourceQuality "1"]

1. d4 d5 2. c4 c6 3. Nc3 Nf6 4. e3 e6 5. Nf3 a6 6. Bd3 dxc4 7. Bxc4 b5 8. Bd3 c5 9. O-O Bb7 10. e4 b4 11. e5 bxc3 12. exf6 Qxf6 13. bxc3 Bxf3 14. Qxf3 Qxf3 15. gxf3 cxd4 16. cxd4 Bd6 17. Rb1 Nd7 18. Rb7 Nf6 19. Rb6 Ke7 20. Bg5 a5 21. Rb7+ Kf8 22. Rc1 h6 23. Bd2 g5 24. Rc6 Bf4 25. Bxf4 gxf4 26. Rcc7 Rg8+ 27. Kf1 Rg7 28. Ra7 Rxa7 29. Rxa7 Rg5 30. a4 Nd5 31. Bb5 Nc3 32. Bc6 Rh5 33. h4 Rxh4 34. Rxa5 Ke7 35. Rc5 Nd5 36. Bxd5 exd5 37. Rxd5 Rh1+ 38. Ke2 Ra1 39. a5 Ra3 40. Rh5 Ke6 41. Rxh6+ Kd5 42. Rf6 Ra2+ 43. Kf1 Kxd4 44. Rxf4+ Ke5 1/2-1/2

[Event "25th Abu Dhabi Master 2018"]
[Site "Abu Dhabi"]
[Date "2018.08.12"]
[Round "6"]
[White "Ajay, Karthikeyan"]
[Black "Parnali, S Dharia"]
[Result "1-0"]
[WhiteElo "2156"]
[BlackElo "2218"]
[Annotator "TA"]
[PlyCount "75"]
[EventDate "2018.08.05"]
[EventType "swiss"]
[EventCountry "UAE"]
[SourceTitle "playchess.com"]
[Source "ChessBase"]
[SourceQuality "1"]

1. d4 d5 2. Bf4 Nf6 3. e3 e6 4. Nf3 c5 5. c3 Nc6 6. Nbd2 Bd6 7. Bg3 O-O 8. Bd3 Re8 9. Ne5 Qc7 10. f4 b6 11. O-O Bb7 12. Qf3 Ne7 13. Bh4 Ne4 14. Bxe7 Nxd2 15. Bxh7+ Kxh7 16. Qh5+ Kg8 17. Qxf7+ Kh8 18. Qh5+ Kg8 19. Bxd6 Qxd6 20. Qf7+ Kh7 21. Rf2 Ba6 22. Rxd2 Qf8 23. Qxf8 Rxf8 24. h4 Rac8 25. g4 Rc7 26. h5 Rfc8 27. Kf2 b5 28. dxc5 Rxc5 29. a3 Bb7 30. Rd4 a5 31. g5 Bc6 32. Kg3 Be8 33. g6+ Kg8 34. Rh1 Rb8 35. Kg4 Rc7 36. h6 gxh6 37. Rxh6 Rg7 38. Kg5 1-0